000 00682nam a2200205 i 4500
001 97453
003 ES-MaACL
005 20230906182114.0
007 t|
008 050712s1959 sp ||||1| spa d
100 1 _aMarcial, Marco Valerio.
_976446
245 1 0 _aEpigramas completos
_b: seguidos del "Libro de los Espectáculos" /
_cMarco Valerio Marcial; traducción del latín; prólogo y notas por José Torrens Béjar.
260 _aBarcelona :
_bDiamante,
_c1959.
300 _a448 p. ;
_c19 cm.
490 1 _aObras maestras
700 1 _aTorrens Béjar, José.
_9110825
830 0 _aObras maestras
_9181001
852 _aES-MaACL
_jC-17666
_bR.45803
999 _c97453
_d97453